Zmiany sezonowe w sprawności fizycznej studentów Wydziału Mechanicznego Wyższej Szkoły Inżynierskiej w Koszalinie / (Rekord nr 5163)
| 000 -ETYKIETA REKORDU | |
|---|---|
| podpole kontrolne o stałej długości | 01205nab a2200229 i 4500 |
| 001 - NUMER KONTROLNY REKORDU | |
| podpole kontrolne | BPP |
| 003 - IDENTYFIKATOR NUMERU KONTROLNEGO REKORDU | |
| podpole kontrolne | BPK |
| 005 - DATA OSTATNIEJ MODYFIKACJI REKORDU | |
| podpole kontrolne | 20160604115517.0 |
| 008 - POLE O STAŁEJ DŁUGOŚCI - DANE KONTROLNE | |
| podpole kontrolne o stałej długości | 160112s1978 pl | | |000 ||pol |
| 040 ## - ŹRÓDŁO KATALOGOWANIA | |
| Instytucja, która utworzyła rekord | BPK |
| 080 ## - UNIWERSALNA KLASYFIKACJA DZIESIĘTNA - UKD | |
| UKD | 796.012 |
| 100 ## - NAZWA OSOBOWA | |
| Nazwa osobowa | WOJCIECHOWSKI, Leszek. |
| Lata pracy | 1968 - 1996. |
| Instytucja | Wyższa Szkoła Inżynierska w Koszalinie - Studium Wychowania Fizycznego i Sportu |
| 245 ## - TYTUŁ/ODPOWIEDZIALNOŚĆ | |
| Tytuł | Zmiany sezonowe w sprawności fizycznej studentów Wydziału Mechanicznego Wyższej Szkoły Inżynierskiej w Koszalinie / |
| Pozostałe elementy strefy tytułu i oznaczenia odpowiedzialności | Leszek Wojciechowski. |
| 260 ## - STREFA ADRESU WYDAWNICZEGO | |
| Data publikacji, dystrybucji/powstania dokumentu | 1978. |
| 500 ## - UWAGI OGÓLNE | |
| Tekst uwagi | Dane z autopsji. |
| 520 ## - UWAGA DOTYCZĄCA TREŚCI DOKUMENTU | |
| Analiza dokumentacyjna, adnotacja itp. | W opracowaniu przedstawiony został odcinek badań okresowych sprawności fizycznej studentów badanych w październiku 1972 roku. Wyniki testów opracowano podstawowymi metodami statystycznymi. W opracowaniu uwzględniono testy: siły, wytrzymałości, zwinności, gibkości, skoczności. |
| 650 #0 - HASŁO PRZEDMIOTOWE W FORMIE NAZWY OGÓLNEJ LUB JEDNOSTKOWEJ | |
| Nazwa ogólna lub geograficzna | Studenci. |
| 650 #0 - HASŁO PRZEDMIOTOWE W FORMIE NAZWY OGÓLNEJ LUB JEDNOSTKOWEJ | |
| Nazwa ogólna lub geograficzna | Sprawność fizyczna. |
| 650 ## - HASŁO PRZEDMIOTOWE W FORMIE NAZWY OGÓLNEJ LUB JEDNOSTKOWEJ | |
| Nazwa ogólna lub geograficzna | Badanie, dojrzewanie, rozwój. |
| 773 ## - TYTUŁ DOKUMENTU MACIERZYSTEGO | |
| Wyrażenie wprowadzające | W : |
| Tytuł | Zeszyty Naukowe Wyższej Szkoły Inżynierskiej w Koszalinie. Prace Studiów Wychowania Fizycznego i Sportu Uczelni Technicznych. - |
| Informacje dotyczące relacji | 1978, nr 5, s. 101-106 |
| 942 ## - HASŁO DODATKOWE - ELEMENTY(KOHA) | |
| Typ dokumentu | Artykuł |
| Schemat klasyfikacji | Uniwersalna klasyfikacja dziesiętna |
| Wycofany | Zagubiony | Uszkodzony | Dostępność | Lokalizacja stała | Lokalizacja bieżąca | Sygnatura | Typ dokumentu |
|---|---|---|---|---|---|---|---|
| Dostępny | Bibliografia Prac Pracowników - BPK | Bibliografia Prac Pracowników - BPK | 0153 | Artykuł |
